| 000 | 00551nam a2200205Ia 4500 | ||
|---|---|---|---|
| 005 | 20250508164357.0 | ||
| 008 | 008 250505s9999 xx 000 0 hin d | ||
| 037 | _aTextual | ||
| 040 |
_aFEDL _beng _cFEDL |
||
| 041 |
_ahin _2hin |
||
| 084 |
_a891.43, BAC _qFEDL |
||
| 100 | _aBachchan Singh | ||
| 245 | 0 | _aSahitya ka samajsastra | |
| 260 |
_aAllahabad, India _bLokbharti Prakashan _c1998 |
||
| 300 | _aix,100p. | ||
| 365 |
_aINR _b75 |
||
| 650 | _aHindi literature | ||
| 942 |
_cTEXL _h891.43, BAC |
||
| 999 |
_c1388833 _d1388833 |
||